000 00325nam a22001457a 4500
008 210303b ||||| |||| 00| 0 eng d
020 _a9780673990754
041 _aeng
080 _27th
_a611
082 _a611
100 _a6
101 _aANA
245 _aPrinciples of Human Anatomy
_cTortora, G. J
942 _2udc
_cBK
999 _c55672
_d55672